000 00489cam a22001217a 4500
008 180718b-- xxu||||| |||| 00| 0 eng d
082 _aT39000x54 P
245 _aForeign trade policy
_cby Ministry of Commerce and Industry. Department of Commerce
260 _aDelhi
_bController of Publications
_c--
500 _aLibrary has ist September 2004 - 31st March 2009, w.e.f. 2006
650 _aIndia - Commercial policy
700 _aIndia. Ministry of Commerce and Industry. Department of Commerce
999 _c486671
_d486671